LRFD steel design / (Record no. 549649)

000 -LEADER
fixed length control field 00576cam a22001934a 4500
020 ## - INTERNATIONAL STANDARD BOOK NUMBER
International Standard Book Number 053439373X
082 00 - DEWEY DECIMAL CLASSIFICATION NUMBER
Classification number 624.1821
Author Mark SEG
-- N-01, P-89
100 1# - MAIN ENTRY--PERSONAL NAME
Personal name Segui, William T.
9 (RLIN) 25287
245 10 - TITLE STATEMENT
Title LRFD steel design /
Statement of responsibility, etc. William T. Segui.
250 ## - EDITION STATEMENT
Edition statement 3rd ed.
260 ## - PUBLICATION, DISTRIBUTION, ETC.
Place of publication, distribution, etc. Pacific Grove, CA :
Name of publisher, distributor, etc. Thomson/Brooks/Cole,
Date of publication, distribution, etc. c2003.
300 ## - PHYSICAL DESCRIPTION
Extent x, 589 p. :
Other physical details ill. ;
Dimensions 25 cm.
526 ## - STUDY PROGRAM INFORMATION NOTE
Program name 0
Interest level 0
Reading level 0
Title point value 624_182100000000000_SEG
650 #0 - SUBJECT ADDED ENTRY--TOPICAL TERM
Topical term or geographic name entry element Building, Iron and steel.
650 #0 - SUBJECT ADDED ENTRY--TOPICAL TERM
Topical term or geographic name entry element Load factor design.
9 (RLIN) 22312
650 #0 - SUBJECT ADDED ENTRY--TOPICAL TERM
Topical term or geographic name entry element NUST
9 (RLIN) 6342
650 #0 - SUBJECT ADDED ENTRY--TOPICAL TERM
Topical term or geographic name entry element Steel, Structural.
942 ## - ADDED ENTRY ELEMENTS (KOHA)
Source of classification or shelving scheme
Koha item type Book
Holdings
Withdrawn status Lost status Source of classification or shelving scheme Damaged status Not for loan Permanent Location Current Location Date acquired Total Checkouts Full call number Barcode Date last seen Price effective from Koha item type
          Military College of Engineering (MCE) Military College of Engineering (MCE) 10/02/2014   624.1821 SEG MCE-36522 10/02/2014 10/02/2014 Book
© 2023 Central Library, National University of Sciences and Technology. All Rights Reserved.